[Event "Santa Cruz de Tenerife Verano op"]
[Site "Santa Cruz de Tenerife"]
[Date "2014.09.01"]
[Round "4"]
[White "Rodriguez Redondo, Ethan"]
[Black "Pinto Henriquez, Rodrigo"]
[Result "0-1"]
[WhiteElo "1761"]
[BlackElo "2130"]
[PlyCount "48"]
[EventDate "2014.08.25"]
[EventType "swiss"]
[EventRounds "9"]
[EventCountry "ESP"]
[SourceTitle "CBM 162 Extra"]
[Source "ChessBase"]
[SourceDate "2014.10.17"]
[SourceVersion "1"]
[SourceVersionDate "2014.10.17"]
[SourceQuality "1"]

1. e4 e5 2. Nf3 Nc6 3. Bc4 Bc5 4. c3 Qe7 5. 0-0 d6 6. d4 Bb6 7. a4 a6 8. d5 Nb8 9. Qe2 Nf6 10. b4 Nbd7 11. Nbd2 Nf8 12. Nb3 Ng6 13. Bd3 0-0 14. Bd2 Nh5 15. c4 Bg4 16. Rfc1 Nhf4 17. Bxf4 Nxf4 18. Qd1 Qf6 19. Be2 Qg6 20. c5 Qxe4 21. Nbd2 Nxe2+ 22. Kf1 Qxd5 23. cxb6 Nxc1 24. Rxc1 cxb6 0-1

[Event "Tenerife-ch"]
[Site "Santa Cruz de La Palma"]
[Date "2014.05.24"]
[Round "6"]
[White "Ramos Aguilar, Jose Manuel"]
[Black "Pinto Henriquez, Rodrigo"]
[Result "0-1"]
[WhiteElo "2137"]
[BlackElo "2081"]
[PlyCount "63"]
[EventDate "2014.05.17"]
[EventType "swiss"]
[EventRounds "9"]
[EventCountry "ESP"]
[SourceTitle "CBM 160 Extra"]
[Source "ChessBase"]
[SourceDate "2014.07.01"]
[SourceVersion "1"]
[SourceVersionDate "2014.07.01"]
[SourceQuality "1"]

1. Nf3 d5 2. c4 c6 3. d4 Nf6 4. Nc3 e6 5. Bg5 h6 6. Bh4 g5 7. Bg3 dxc4 8. e4 b5 9. Ne5 Bb4 10. Be2 Bb7 11. 0-0 Nbd7 12. Nxd7 Nxd7 13. a4 a6 14. f4 Qe7 15. f5 0-0-0 16. Qc2 Nb6 17. fxe6 fxe6 18. Be5 Rhf8 19. Bg4 Bd6 20. Bxd6 Qxd6 21. d5 cxd5 22. axb5 axb5 23. exd5 Nxd5 24. Rxf8 Rxf8 25. Re1 Qb6+ 26. Kh1 Ne3 27. Qe2 Bxg2+ 28. Qxg2 Nxg2 29. Rxe6 Rf1+ 30. Kxg2 Qf2+ 31. Kh3 Qh4+ 32. Kg2 0-1